The education of man / (Record no. 194028)
[ view plain ]
| 000 -LEADER | |
|---|---|
| fixed length control field | 00872cam1a220022900 4500 |
| 001 - CONTROL NUMBER | |
| control field | tmp15327681 |
| 003 - CONTROL NUMBER IDENTIFIER | |
| control field | UPRA |
| 005 - DATE AND TIME OF LATEST TRANSACTION | |
| control field | 20190830114731.0 |
| 008 - FIXED-LENGTH DATA ELEMENTS--GENERAL INFORMATION | |
| fixed length control field | 950731s1894 nyu eng u |
| 035 ## - SYSTEM CONTROL NUMBER | |
| System control number | (Sirsi) r114728 |
| 035 ## - SYSTEM CONTROL NUMBER | |
| System control number | (UPRA)tmp15327681 |
| 040 ## - CATALOGING SOURCE | |
| Transcribing agency | UPRA |
| 041 1# - LANGUAGE CODE | |
| Language code of text/sound track or separate title | eng ger |
| Language code of original | eng ger |
| 100 1# - MAIN ENTRY--PERSONAL NAME | |
| Personal name | Frobel, Friedrich, 1782-1852. |
| Dates associated with a name | Frobel, Friedrich, 1782-1852. |
| Linkage | A76547.1 |
| 245 14 - TITLE STATEMENT | |
| Title | The education of man / |
| Statement of responsibility, etc. | tr. from the German and annotated by W.N. Hailmann. |
| 260 ## - PUBLICATION, DISTRIBUTION, ETC. | |
| Place of publication, distribution, etc. | New York : |
| Name of publisher, distributor, etc. | Appleton, |
| Date of publication, distribution, etc. | 1894. |
| 440 #0 - SERIES STATEMENT/ADDED ENTRY--TITLE | |
| Title | International education series ; |
| Volume/sequential designation | v. 5 |
| Linkage | S12132.1 |
| 650 #0 - SUBJECT ADDED ENTRY--TOPICAL TERM | |
| Topical term or geographic name entry element | Education. |
| Linkage | S3595.1 |
| 700 1# - ADDED ENTRY--PERSONAL NAME | |
| Personal name | Hailmann, W. N. (William Nicholas), 1836-1920. |
| Fuller form of name | Hailmann, W. N. (William Nicholas), 1836-1920. |
| Dates associated with a name | Hailmann, W. N. (William Nicholas), 1836-1920. |
| Linkage | A78545.1 |
| 949 ## - LOCAL PROCESSING INFORMATION (OCLC) | |
| a | LB1153 |
| w | lcc |
| i | -164929 |
| m | MAIN |
| t | BOOK |
| l | ON-SHELF |
No items available.